00572nam a2200217Ia 4500003000400000005001700004008004100021020001500062040000700077041000800084082001700092100002100109245007300130260004300203300001700246365001300263650001500276650002300291700002200314700001800336OSt20250709110938.0210423s2005 xx 000 0 und d a8122901840 cAL aeng a070.4 bCRAT aGilbert Cranberg aTaking stockb: journalism and the publicly traded newspaper company aNew DelhibSurjeeth Publicationsc2005 aviii,203bPB b195cINR aJournalism aJournalism & Media aBezanson, Randall aSoloski, John